000 00752 a2200217 4500
999 _c4491
_d4491
010 _aENG-86330
020 _a8172148984
_c110.00
035 _aEN-69863
037 _bDBAD / PUB
082 1 4 _a280.3
100 1 _aPainadath, Sebastian
245 1 4 _aThe spiritual journey :
_btowards an Indian Christian spirituality /
_cby S. Painadath
260 _aDelhi
_bIndian Society for Promoting Christian Knowledge
_c2006
300 _aviii, 112 p.
_c23 cm. (Pbk)
500 _aCompanion volume to: We are co-pilgrims : towards a culture of inter-religious harmony
650 0 _aSpirituality
650 0 _aChristianity and other religions
650 0 _aTheology
650 0 _aChristianity
_zIndia
942 _adpl
_cEN
_2ddc
_h280.3
_mPAI